Every Country that ends with an A - Statistics

General Stats
  • This quiz has been taken 1,532 times
  • The average score is 58 of 74
Answer Stats
Countries % Correct
Australia
95%
Russia
92%
Austria
91%
Canada
91%
Algeria
90%
Argentina
90%
Albania
88%
India
88%
Armenia
87%
China
86%
Latvia
86%
South Korea
86%
Andorra
85%
Angola
85%
Estonia
85%
Indonesia
85%
North Korea
85%
Colombia
84%
Lithuania
84%
Croatia
82%
Romania
82%
South Africa
82%
Venezuela
82%
Zambia
82%
Bolivia
81%
Bulgaria
81%
Slovakia
81%
Libya
80%
Panama
80%
Slovenia
80%
Cuba
79%
Guinea
79%
Somalia
79%
Kenya
78%
Nigeria
78%
Serbia
78%
Cambodia
77%
Ghana
77%
Malaysia
77%
Saudi Arabia
77%
Tanzania
77%
Ethiopia
76%
Jamaica
76%
United States of America
76%
Antigua and Barbuda
75%
Bosnia and Herzegovina
75%
Guatemala
75%
Namibia
75%
Uganda
75%
Costa Rica
74%
Eritrea
74%
Guyana
74%
Liberia
74%
Malta
74%
Mongolia
74%
Syria
74%
Botswana
73%
Gambia
73%
Georgia
73%
Nicaragua
73%
North Macedonia
73%
Rwanda
73%
Mauritania
72%
Tunisia
72%
Dominica
71%
Samoa
69%
Tonga
68%
Grenada
67%
Moldova
67%
Papua New Guinea
67%
Equatorial Guinea
64%
Saint Lucia
64%
Sri Lanka
64%
Micronesia
56%
No matching quizzes found
Score Distribution
Percent of People with Each Score
Percentile by Number Answered
Your Score History
You have not taken this quiz